Scientia Est Potentia : knowledge is power : proceedings of the symposium dedicated to the development of curricula organized jointly by FIG Commission 2 and the Faculty of Civil Engineering CTU in Prague, 7-9 June 2007 /

Korporativní autor: International Federation of Surveyors. Commission de l'enseignement professionnel
Další autoři: Scientia Est Potentia, Čepek, Aleš, 1954-, České vysoké učení technické v Praze. Stavební fakulta
Jazyk: Angličtina
Vydáno: Prague : Czech Technical University in Prague, 2007
Témata:
Externí odkaz: Digitalizovaný dokument
Fyzický popis: 198 s. : il., faksim. ; 25 cm
Knihy
Uloženo v:
LEADER 02209nam a2200517 a 4500
001 nkc20071720729
003 CZ PrNK
005 20080416141552.0
007 ta
008 070522s2007 xr ah f 110 0 eng
015 |a cnb001720729 
020 |a 978-80-01-03718-8  |q (brož.) 
035 |a (OCoLC)228668603 
040 |a OLA001  |b cze  |d ABA001 
072 7 |a 528  |x Geodezie. Kartografie  |2 Konspekt  |9 7 
080 |a 004:91  |2 MRF 
080 |a 528  |2 MRF 
080 |a 528.9  |2 MRF 
080 |a 37.091.3  |2 MRF 
080 |a (062.534)  |2 MRF 
111 2 |a Scientia Est Potentia  |d (2007 :  |c Praha, Česko)  |7 olak2007396378 
245 1 0 |a Scientia Est Potentia :  |b knowledge is power : proceedings of the symposium dedicated to the development of curricula organized jointly by FIG Commission 2 and the Faculty of Civil Engineering CTU in Prague, 7-9 June 2007 /  |c Aleš Čepek (ed.) 
260 |a Prague :  |b Czech Technical University in Prague,  |c 2007 
300 |a 198 s. :  |b il., faksim. ;  |c 25 cm 
500 |a Publikace vydána u příležitosti třistaletého výročí založení ČVUT 
504 |a Obsahuje bibliografie 
650 0 7 |a geoinformatika  |7 ph340655  |2 czenas 
650 0 7 |a geodézie  |7 ph114613  |2 czenas 
650 0 7 |a kartografie  |7 ph114874  |2 czenas 
650 0 7 |a studium a výuka  |7 ph136700  |2 czenas 
650 0 9 |a geoinformatics  |2 eczenas 
650 0 9 |a geodesy  |2 eczenas 
650 0 9 |a cartography  |2 eczenas 
650 0 9 |a study and teaching  |2 eczenas 
655 7 |a sborníky konferencí  |7 fd133333  |2 czenas 
655 9 |a proceedings of conferences  |2 eczenas 
700 1 |a Čepek, Aleš,  |d 1954-  |7 ntka174714  |4 edt 
710 2 |a International Federation of Surveyors.  |b Commission de l'enseignement professionnel  |7 olak2007396422 
710 2 |a České vysoké učení technické v Praze.  |b Stavební fakulta  |7 kn20010710181 
856 4 1 |u http://www.digitalniknihovna.cz/mzk/uuid/uuid:65838330-2045-11e8-a0cf-005056827e52  |y Digitalizovaný dokument  |x NDK 
910 2 |a BOA001  |b 3-1187.185 
928 9 |a České vysoké učení technické 
990 |a BK 
995 |a 01 
991 |b 200706  |c NOV 
996 6 |b 2610312361  |c 3-1187.185  |l MZK  |r Sklad / do 1 hodiny  |n 0  |p p.v.  |w 000852394  |u 000010  |a 1  |e BOA001  |j MZK50  |s P